Geografía general: regional y económica
-д хадгалсан:
| Үндсэн зохиолчид: | , |
|---|---|
| Формат: | Ном |
| Хэл сонгох: | испани |
| Хэвлэсэн: |
Barcelona
Omega
1965
|
| Хэвлэл: | 3a. ed |
| Нөхцлүүд: | |
| Шошгууд: |
Шошго нэмэх
Шошго байхгүй, Энэхүү баримтыг шошголох эхний хүн болох!
|
MARC
| LEADER | 00000nam a2200000 a 4500 | ||
|---|---|---|---|
| 001 | UCU7469 | ||
| 003 | CL-VaPUC | ||
| 008 | 960705e19650000SP |||||||||||||||||spa|d | ||
| 082 | 0 | 4 | |a 910 |b CAS |2 21 |
| 100 | 0 | |a Case, Earl C |e author |9 366323 | |
| 700 | 0 | |a Bergsmark, Daniel R |e author |9 366324 | |
| 245 | 1 | 0 | |a Geografía general: regional y económica |
| 250 | |a 3a. ed | ||
| 300 | |a 878 p | ||
| 942 | |c BK | ||
| 945 | |d 19960705 00:00:00 |a cmena | ||
| 260 | |a Barcelona |b Omega |c 1965 | ||
| 650 | 0 | |a Geografía |9 259346 | |
| 650 | 0 | |a Medio ambiente |9 257625 | |
| 650 | 0 | |a Climatología |9 262302 | |
| 650 | 7 | |a REGIONES CLIMATICAS |2 CL-VaPUC |9 267906 | |
| 650 | 7 | |a HUMEDAD |2 CL-VaPUC |9 259412 | |
| 650 | 0 | |a Mineralogía |9 267055 | |
| 650 | 0 | |a Combustibles |9 271720 | |
| 650 | 0 | |a Comercio |9 255341 | |
| 650 | 7 | |a TRANSPORTE |2 CL-VaPUC |9 256365 | |
| 583 | |a last modification |c 19960705 00:00:00 |k Rodrigo Vera | ||
| 999 | |c 250109 |d 250107 | ||
| 952 | |0 0 |1 0 |4 0 |6 910_000000000000000_CAS_1965 |7 0 |8 A |9 267909 |a BIBING |b BIBING |d 2019-11-19 |i 1703595 |l 1 |o 910 CAS 1965 |p 1703595 |r 2025-01-20 |s 2023-03-23 |w 2019-11-19 |y BK |k GEO | ||